[Event "Indywidualne Mistrzostwa Polski Juniorow - C16"]
[Site "Szczyrk"]
[Date "2013-03-24"]
[Round "8.1"]
[White "Snihur, Piotr"]
[Black "Jarmula, Lukasz"]
[Result "1-0"]
[WhiteTitle "I++"]
[BlackTitle "k"]
[WhiteElo "2085"]
[BlackElo "2164"]

1. e4 c5 2. Nf3 d6 3. d4 cxd4 4. Nxd4 Nf6 5. Nc3 a6 6. Be2 e5 7. Nb3 Be6 8. a4
Nbd7 9. O-O Rc8 10. Be3 Rxc3 11. bxc3 Nxe4 12. Bf3 Ndf6 13. Re1 Qc7 14. a5 Nxc3
15. Bb6 Qc8 16. Qd2 Ncd5 17. Rac1 Be7 18. c4 Nxb6 19. axb6 Nd7 20. Qe3 O-O 21.
Bd5 Qd8 22. Qf3 Qxb6 23. Rb1 Bxd5 24. Qxd5 Nf6 25. Qd3 Ng4 26. Qf3 f5 27. Qd5+
Kh8 28. Nd4 Qxd4 29. Qxd4 exd4 30. Rxe7 Ne5 31. Rbxb7 d3 32. Kf1 Nxc4 33. Rxg7
Re8 34. Rxh7+ Kg8 35. Rhg7+ Kh8 36. Rh7+ Kg8 37. Rbg7+ Kf8 38. Rh8+ Kxg7 39. Rxe8
a5 40. Rc8 Nb2 41. Ke1 a4 42. h4 a3 43. g3 Kf6 44. Rc6 Ke5 45. h5 Kd4 46. h6 a2
47. Rc1 Nc4 48. Ra1 d2+ 49. Ke2 1-0

[Event "Indywidualne Mistrzostwa Polski Juniorow - C16"]
[Site "Szczyrk"]
[Date "2013-03-24"]
[Round "8.2"]
[White "Kaczmarek, Aleksander"]
[Black "Karwowski, Kacper"]
[Result "1/2-1/2"]
[WhiteTitle "k"]
[BlackTitle "I"]
[WhiteElo "2132"]
[BlackElo "1946"]

1. e4 c5 2. Nf3 d6 3. d4 cxd4 4. Nxd4 Nf6 5. Nc3 a6 6. h3 e5 7. Nde2 h5 8. Bg5
Be7 9. Bxf6 Bxf6 10. Nd5 Bg5 11. Nec3 Nc6 12. Bc4 Be6 13. O-O g6 14. Bb3 Ne7 15.
f4 exf4 16. Qd4 O-O 17. Nxf4 Bxf4 18. Rxf4 Bxb3 19. axb3 Qc7 20. Kh1 Rad8 21.
Raf1 Qc5 22. Qd3 d5 23. Qf3 f5 24. b4 Qc6 25. exf5 Rxf5 26. Ne2 Qf6 27. Nd4 Rxf4
28. Qxf4 Qxf4 29. Rxf4 Rf8 30. Rxf8+ Kxf8 31. Ne6+ Ke8 32. c3 Kd7 33. Nf4 Kd6
34. Kg1 b6 35. Kf2 Ke5 36. Kf3 d4 37. c4 d3 38. Nxd3+ Kd4 39. Ke2 Kxc4 40. g4
hxg4 41. hxg4 Nc6 42. Kd2 b5 43. g5 Kd4 44. Nf4 Ne5 45. b3 Nf3+ 46. Kc2 Ne5 47.
Ne6+ Kd5 48. Nc7+ Kc6 49. Nxa6 Nd7 50. Kd3 Kb6 51. Nc5 Nxc5+ 52. bxc5+ Kxc5 53.
Ke4 Kb4 54. Ke5 Kxb3 55. Kf6 Kc2 56. Kxg6 b4 57. Kf7 b3 58. g6 1/2-1/2

[Event "Indywidualne Mistrzostwa Polski Juniorow - C16"]
[Site "Szczyrk"]
[Date "2013-03-24"]
[Round "8.3"]
[White "Sliwicki, Damian"]
[Black "Eggink, Ryszard"]
[Result "0-1"]
[WhiteTitle "I"]
[BlackTitle "I++"]
[WhiteElo "2028"]
[BlackElo "2080"]

1. e4 c5 2. Nf3 d6 3. d4 cxd4 4. Nxd4 Nf6 5. Nc3 a6 6. h3 e6 7. g4 d5 8. exd5 Nxd5
9. Bd2 b5 10. Bg2 Bb7 11. Ne4 Nd7 12. Qe2 Qb6 13. c3 Be7 14. O-O O-O 15. Ng3 Bd6
16. f4 g5 17. Bxd5 Bxd5 18. Nh5 gxf4 19. Nxf4 Bc4 20. Qf3 e5 21. Nd5 Qc5 22. b4
Qxd5 23. Qxd5 Bxd5 24. Nf5 Bc4 25. Nxd6 Bxf1 26. Rxf1 f6 27. Bh6 Rfb8 28. Ne4
Rb6 29. Rd1 f5 30. gxf5 Rxh6 31. Rxd7 Rf8 32. f6 Rh4 33. Rg7+ Kh8 34. Rg4 Rg8
35. Nf2 Rg6 36. Kf1 Rhxg4 37. Nxg4 h5 38. f7 Kg7 39. Nxe5 Rg3 40. Nd7 Kxf7 41.
Nc5 Rxh3 42. Nxa6 Rxc3 43. Nc5 Rxc5 44. bxc5 Ke6 45. a4 bxa4 0-1

[Event "Indywidualne Mistrzostwa Polski Juniorow - C16"]
[Site "Szczyrk"]
[Date "2013-03-24"]
[Round "8.4"]
[White "Gajek, Radoslaw"]
[Black "Kowalczyk, Mariusz"]
[Result "1-0"]
[WhiteTitle "k"]
[BlackTitle "I"]
[WhiteElo "2273"]
[BlackElo "1940"]

1. e4 e6 2. d4 d5 3. Nd2 c5 4. exd5 Qxd5 5. Ngf3 cxd4 6. Bc4 Qd6 7. O-O Nc6 8.
Nb3 Bd7 9. Nbxd4 Nxd4 10. Nxd4 a6 11. Be3 Nf6 12. Qf3 Qc7 13. Bb3 Bd6 14. h3 h5
15. Rfd1 Bh2+ 16. Kh1 Be5 17. Kg1 Bh2+ 18. Kf1 Be5 19. c4 Bxd4 20. Bxd4 Bc6 21.
Qe3 Nd7 22. Qg5 e5 23. Bc3 Kf8 24. Bb4+ Kg8 25. Bd6 Qd8 26. Qxd8+ Rxd8 27. Bxe5
Rh6 28. f3 Re6 29. Bd4 Nf8 30. Bc3 Rc8 31. Bc2 g6 32. Re1 Bd7 33. Be4 Rxc4 34.
Bxb7 Bb5 35. Kf2 Rc7 36. Bd5 Rd6 37. Rad1 Rcd7 38. Bb3 Ne6 39. Rxd6 Rxd6 40. a4
Bc6 41. Rd1 Rxd1 42. Bxd1 Nc5 43. b3 f5 44. Ke3 Ne6 45. Be2 Bb7 46. b4 Kf7 47.
b5 axb5 48. Bxb5 Ke7 49. h4 Nc7 50. Bc4 Nd5+ 51. Kd4 Kd6 52. a5 Nf4 53. Bb4+ Kd7
54. g3 Nh3 55. Ke3 g5 56. f4 g4 57. Bf7 Bc6 58. Bxh5 Ke6 59. Bc3 Ng1 60. Bg6 Bb5
61. h5 Ne2 62. h6 Nxc3 63. h7 Nd5+ 64. Kd4 1-0

[Event "Indywidualne Mistrzostwa Polski Juniorow - C16"]
[Site "Szczyrk"]
[Date "2013-03-24"]
[Round "8.5"]
[White "Kulas, Szymon"]
[Black "Piotrowski, Przemyslaw"]
[Result "1/2-1/2"]
[WhiteTitle "I++"]
[BlackTitle "I+"]
[WhiteElo "2088"]
[BlackElo "1996"]

1. d4 d5 2. c4 dxc4 3. Nf3 e6 4. e3 Nf6 5. Bxc4 c5 6. O-O a6 7. Nc3 Nc6 8. Qe2
Qc7 9. Rd1 b5 10. Bb3 Bd6 11. d5 exd5 12. Nxd5 Nxd5 13. Bxd5 O-O 14. h3 Bb7 15.
e4 Rad8 16. Bg5 Be7 17. Rac1 Bxg5 18. Nxg5 Qe7 19. Rxc5 Qxc5 20. Qh5 h6 21. Nxf7
Rxd5 22. Nxh6+ gxh6 23. Qg6+ Kh8 24. Qxh6+ Kg8 25. Qg6+ Kh8 26. Qh6+ Kg8 27. Qg6+
Kh8 28. Qh6+ Kg8 29. Qg6+ 1/2-1/2

[Event "Indywidualne Mistrzostwa Polski Juniorow - C16"]
[Site "Szczyrk"]
[Date "2013-03-24"]
[Round "8.6"]
[White "Kucza, Karol"]
[Black "Siedlanowski, Lukasz"]
[Result "0-1"]
[WhiteTitle "I+"]
[BlackTitle "I"]
[WhiteElo "1886"]
[BlackElo "1900"]

1. e4 c6 2. c4 e5 3. Nc3 d6 4. d4 Nd7 5. Nf3 Ngf6 6. Be2 Be7 7. h3 Qc7 8. Be3 Nf8
9. O-O Ng6 10. Qd2 O-O 11. a4 a5 12. Rac1 Re8 13. Rfd1 Bf8 14. Qc2 Qe7 15. c5
dxc5 16. d5 Qc7 17. dxc6 bxc6 18. Nb1 Nf4 19. Bf1 Ne6 20. Bc4 Nd4 21. Bxd4 cxd4
22. Nbd2 c5 23. Ne1 Nh5 24. Nd3 Nf4 25. Nxf4 exf4 26. f3 Re5 27. Nb3 Qb6 28. Qd2
Qh6 29. Qf2 Rg5 30. Kf1 Rb8 31. Rc2 Rb6 32. Ke1 Qg6 33. Nxa5 Rb8 34. h4 Rg3 35.
h5 Qb6 36. Nb3 Be7 37. a5 Qc7 38. Kd2 Be6 39. Qe2 Rxb3 40. Ke1 Re3 0-1

[Event "Indywidualne Mistrzostwa Polski Juniorow - C16"]
[Site "Szczyrk"]
[Date "2013-03-24"]
[Round "8.7"]
[White "Filewicz, Przemyslaw"]
[Black "Ulanowski, Karol"]
[Result "0-1"]
[WhiteTitle "I"]
[BlackTitle "I++"]
[WhiteElo "1751"]
[BlackElo "2118"]

1. e4 c5 2. Nf3 d6 3. d4 cxd4 4. Nxd4 Nf6 5. Nc3 a6 6. f3 e6 7. Be3 b5 8. Qd2 Nbd7
9. O-O-O Bb7 10. Kb1 b4 11. Nce2 d5 12. exd5 Nxd5 13. Bg5 Qb6 14. Re1 h6 15. Bh4
Bc5 16. Nb3 Be3 17. Qd1 a5 18. Nd2 Rc8 19. Nc1 Nc3+ 20. bxc3 Bxd2 21. c4 Bxe1
22. Qxe1 O-O 23. Bf2 Qc7 24. Nb3 Ba6 25. Nd2 Nb6 26. Bxb6 Qxb6 27. Bd3 a4 28.
Qe4 f5 29. Qe5 Rc5 30. Qe3 Rc6 31. Qe2 Qd4 32. Re1 Qc3 33. Qd1 Rd8 34. g4 b3 35.
axb3 axb3 36. Nxb3 Bxc4 0-1

[Event "Indywidualne Mistrzostwa Polski Juniorow - C16"]
[Site "Szczyrk"]
[Date "2013-03-24"]
[Round "8.8"]
[White "Swiderski, Radoslaw"]
[Black "Lizak, Jakub"]
[Result "1-0"]
[WhiteTitle "I+"]
[BlackTitle "I"]
[WhiteElo "1964"]
[BlackElo "1893"]

1. e4 c5 2. Nf3 d6 3. d4 cxd4 4. Nxd4 Nf6 5. Nc3 g6 6. Be3 Bg7 7. f3 O-O 8. Qd2
Nc6 9. O-O-O Bd7 10. Kb1 Rc8 11. h4 h5 12. g4 hxg4 13. h5 Nxh5 14. Nxc6 Rxc6 15.
Bh6 Qa5 16. Bxg7 Kxg7 17. Bb5 Rh8 18. Bxc6 bxc6 19. f4 Qc5 20. f5 f6 21. fxg6
Kxg6 22. Ne2 Qg5 23. Qd4 c5 24. Qf2 Qe5 25. Rd5 Qxe4 26. Rhxh5 Rxh5 27. Rxh5 Qf3
28. Qh2 Qf1+ 29. Nc1 Bf5 30. Rh8 Kf7 31. Qh6 Qg2 32. Rf8+ Ke6 33. Qe3+ Be4 34.
Qb3+ Kf5 35. Re8 Bd5 36. Qe3 e5 37. b3 Be4 38. Ne2 Bf3 39. Qd3+ Be4 40. Ng3+ Kf4
41. Nxe4 Qh1+ 42. Kb2 Qxe4 43. Qxd6 Qd4+ 44. Qxd4+ cxd4 45. c4 dxc3+ 46. Kxc3
Ke3 47. Rf8 g3 48. Rxf6 g2 49. Rg6 Kf2 50. Kd3 g1=Q 51. Rxg1 Kxg1 52. Ke4 Kf2
53. b4 Ke2 54. a4 Kd2 55. b5 1-0

[Event "Indywidualne Mistrzostwa Polski Juniorow - C16"]
[Site "Szczyrk"]
[Date "2013-03-24"]
[Round "8.9"]
[White "Fronczak, Sebastian"]
[Black "Tomaszewski, Kacper"]
[Result "1-0"]
[WhiteTitle "II+"]
[BlackTitle "I++"]
[WhiteElo "1825"]
[BlackElo "1961"]

1. d4 Nf6 2. c4 g6 3. Nc3 d5 4. cxd5 Nxd5 5. e4 Nxc3 6. bxc3 Bg7 7. Nf3 c5 8. Be3
Qa5 9. Qb3 Nc6 10. Rd1 cxd4 11. Nxd4 O-O 12. Be2 Nxd4 13. Bxd4 Be6 14. Qb5 Qxb5
15. Bxb5 a6 16. Bd3 Rfd8 17. Bb1 Bc4 18. f3 Rd7 19. Bxg7 Rxd1+ 20. Kxd1 Kxg7 21.
Kc2 Bb5 22. Kb3 Rd8 23. c4 Bd7 24. Kc3 Be6 25. Bd3 Rc8 26. Kd4 Rd8+ 27. Kc3 Rc8
28. Kb4 Rd8 29. Rd1 Kf6 30. Be2 Rxd1 31. Bxd1 b6 32. a4 Bd7 33. c5 a5+ 34. Kc4
Be6+ 35. Kb5 bxc5 36. Kxc5 Ke5 37. g3 g5 38. Bc2 h5 39. Kb6 Kd4 40. Kxa5 Bc4 41.
Kb4 Be2 42. a5 Ke3 43. Bb3 Kf2 44. Bxf7 h4 45. gxh4 gxh4 46. Bc4 Bxf3 47. a6 Bxe4
48. a7 Kg2 49. Kc5 e6 50. Bxe6 Kxh2 51. Bd5 Bxd5 52. Kxd5 h3 53. a8=Q Kg1 54.
Qa1+ Kg2 55. Qb2+ Kg1 56. Qc1+ Kg2 57. Qd2+ Kg1 58. Qd1+ Kg2 59. Qg4+ Kh2 60.
Ke4 1-0

[Event "Indywidualne Mistrzostwa Polski Juniorow - C16"]
[Site "Szczyrk"]
[Date "2013-03-24"]
[Round "8.10"]
[White "Niekras, Dawid"]
[Black "Kruszynski, Krzysztof"]
[Result "1-0"]
[WhiteTitle "I"]
[BlackTitle "II"]
[WhiteElo "1956"]
[BlackElo "1664"]

1. e4 e5 2. Nf3 Nc6 3. Bb5 a6 4. Ba4 Nf6 5. O-O Be7 6. Re1 b5 7. Bb3 O-O 8. h3
d6 9. c3 Nb8 10. d4 Nbd7 11. Nbd2 Bb7 12. Bc2 c5 13. d5 c4 14. Nf1 Nc5 15. Ng3
g6 16. Nh2 Nfd7 17. b4 cxb3 18. axb3 a5 19. Ng4 Bg5 20. Qe2 h5 21. Bxg5 Qxg5 22.
Ne3 h4 23. Ngf1 f5 24. exf5 gxf5 25. b4 f4 26. bxc5 fxe3 27. Nxe3 Nxc5 28. Qxb5
Qf4 29. Qe2 Bc8 30. f3 Kf7 31. Ng4 Rb8 32. Rab1 Rxb1 33. Rxb1 Ba6 34. Qf2 Qc4
35. Qxh4 Qxd5 36. Qf6+ Ke8 37. Rb8+ Kd7 38. Qxf8 1-0

[Event "Indywidualne Mistrzostwa Polski Juniorow - C16"]
[Site "Szczyrk"]
[Date "2013-03-24"]
[Round "8.11"]
[White "Gierulski, Kamil"]
[Black "Czajkowski, Adam"]
[Result "0-1"]
[WhiteTitle "I"]
[BlackTitle "I+"]
[WhiteElo "1856"]
[BlackElo "1923"]

1. e4 c5 2. Nf3 e6 3. c3 Nf6 4. e5 Nd5 5. Bc4 d6 6. d4 cxd4 7. cxd4 Nc6 8. a3 Qc7
9. Qe2 Nb6 10. Bb5 Bd7 11. Nc3 dxe5 12. dxe5 Bc5 13. Bf4 O-O 14. Bd3 f5 15. Rc1
Be7 16. h4 Rac8 17. Rg1 Na5 18. g4 Nd5 19. Bh2 Bxa3 20. Kf1 Qb6 21. Rb1 Rxc3 22.
bxa3 Nb3 23. Ne1 fxg4 24. Rxg4 Ne3+ 25. Kg1 Nxg4 26. Bg3 Qd4 27. Rd1 Nc1 28. Qb2
Nxd3 29. Nxd3 Nxf2 30. Bxf2 Qg4+ 31. Kh2 Qxd1 32. Qxc3 Bc6 0-1

[Event "Indywidualne Mistrzostwa Polski Juniorow - C16"]
[Site "Szczyrk"]
[Date "2013-03-24"]
[Round "8.12"]
[White "Koitka, Jakub"]
[Black "Molenda, Marcin"]
[Result "1/2-1/2"]
[WhiteTitle "I+"]
[BlackTitle "I"]
[WhiteElo "2007"]
[BlackElo "1813"]

1. e4 c5 2. Nf3 Nc6 3. d4 cxd4 4. Nxd4 g6 5. c4 Nf6 6. Nc3 Nxd4 7. Qxd4 d6 8. Be2
Bg7 9. Be3 O-O 10. Qd2 Be6 11. O-O a5 12. f3 a4 13. Rac1 Nd7 14. Nd5 Nc5 15. Rfd1
Bxd5 16. cxd5 Qb6 17. Rb1 Qa5 18. Qxa5 Rxa5 19. b4 axb3 20. axb3 Ra3 21. Bc4 Rb8
22. Bc1 Raa8 23. Bb5 Ra5 24. Be2 Ra2 25. Rd2 Rba8 26. b4 Ra1 27. Rxa1 Rxa1 28.
Rd1 Na6 29. Bd2 Rxd1+ 30. Bxd1 Bd4+ 31. Kf1 b5 32. Be2 Nc7 33. Bd3 Kg7 34. Ke2
Kf6 35. h4 Kg7 36. g4 h6 37. f4 f6 38. Kf3 Kf7 39. e5 dxe5 40. Ke4 Ne8 41. fxe5
Bxe5 42. Bxh6 Nd6+ 43. Kf3 Bc3 44. Bf4 Bxb4 1/2-1/2

[Event "Indywidualne Mistrzostwa Polski Juniorow - C16"]
[Site "Szczyrk"]
[Date "2013-03-24"]
[Round "8.13"]
[White "Wisniewski, Szymon"]
[Black "Chomczyk, Marek"]
[Result "1-0"]
[WhiteTitle "II+"]
[BlackTitle "I+"]
[WhiteElo "1731"]
[BlackElo "1935"]

1. Nf3 Nf6 2. b3 d5 3. Bb2 e6 4. e3 Be7 5. Ne5 O-O 6. Bd3 c5 7. O-O Nc6 8. f4 d4
9. Rf3 Qd5 10. Nxc6 bxc6 11. Na3 e5 12. fxe5 Ng4 13. Nc4 Nxe5 14. Nxe5 Qxe5 15.
exd4 cxd4 16. Qe1 Qxe1+ 17. Rxe1 Bc5 18. Rf4 Bd6 19. Rh4 h6 20. Bxd4 Bd7 21. Rhe4
c5 22. Be5 Bxe5 23. Rxe5 Rfe8 24. Rxe8+ Rxe8 25. Rxe8+ Bxe8 26. Kf2 Bc6 27. g3
Kf8 28. Ke3 Ke7 29. Be4 Bd7 30. d4 cxd4+ 31. Kxd4 Kd6 32. c4 f5 33. c5+ Ke6 34.
Bd5+ Kf6 35. c6 Bc8 36. b4 g5 37. b5 h5 38. a4 h4 39. gxh4 g4 40. a5 f4 41. b6
1-0

[Event "Indywidualne Mistrzostwa Polski Juniorow - C16"]
[Site "Szczyrk"]
[Date "2013-03-24"]
[Round "8.14"]
[White "Delekta, Filip"]
[Black "Pawlowski, Maciej"]
[Result "1-0"]
[WhiteTitle "I+"]
[BlackTitle "I"]
[WhiteElo "1934"]
[BlackElo "1716"]

1. e4 c5 2. Nf3 Nc6 3. d4 cxd4 4. Nxd4 Qc7 5. Nc3 e6 6. Be2 a6 7. Be3 Nf6 8. O-O
Bb4 9. Nxc6 bxc6 10. Qd4 Bd6 11. g3 Rb8 12. f4 e5 13. Qd3 O-O 14. Rad1 Ne8 15.
Na4 Qa5 16. b3 exf4 17. gxf4 Be7 18. c4 f5 19. e5 Nc7 20. Bd2 Bb4 21. Bxb4 Qxb4
22. Qd6 Ne6 23. c5 Nxf4 24. Rxf4 Qxf4 25. Bc4+ Rf7 26. Bxf7+ Kxf7 27. e6+ 1-0

[Event "Indywidualne Mistrzostwa Polski Juniorow - C16"]
[Site "Szczyrk"]
[Date "2013-03-24"]
[Round "8.15"]
[White "Buraczewski, Rafal"]
[Black "Czerw, Dawid"]
[Result "0-1"]
[WhiteTitle "I"]
[BlackTitle "I+"]
[WhiteElo "1825"]
[BlackElo "1947"]

1. d4 d5 2. Nf3 Nf6 3. e3 c5 4. c3 e6 5. Bd3 Nc6 6. Nbd2 Bd6 7. O-O O-O 8. dxc5
Bxc5 9. e4 e5 10. b4 Bd6 11. exd5 Nxd5 12. Ne4 Bc7 13. b5 Nce7 14. Ba3 Bf5 15.
Qc2 Bg6 16. Rad1 Qe8 17. Bc4 Nb6 18. Bb3 a5 19. bxa6 bxa6 20. Qe2 Qc6 21. Bxe7
Rfe8 22. Bd6 Bxe4 23. Bxf7+ Kxf7 24. Ng5+ Kg8 25. Bxc7 Bg6 26. Bxb6 Qxb6 27. Qc4+
Kh8 28. Nf7+ Bxf7 29. Qxf7 Rf8 30. Qe7 Rae8 31. Qb4 Qc7 32. Rd3 Rb8 33. Qg4 Qb6
34. Rd7 Qf6 35. Qe2 Qc6 36. Ra7 Qxc3 37. Qxa6 Qd4 38. Qa4 Qxf2+ 0-1

[Event "Indywidualne Mistrzostwa Polski Juniorow - C16"]
[Site "Szczyrk"]
[Date "2013-03-24"]
[Round "8.16"]
[White "Gladysz, Jakub"]
[Black "Zebracki, Tomasz"]
[Result "0-1"]
[WhiteTitle "II+"]
[BlackTitle "I"]
[WhiteElo "1798"]
[BlackElo "1951"]

1. d4 Nf6 2. c4 e5 3. dxe5 Ng4 4. Nf3 Bc5 5. e3 Nc6 6. a3 a5 7. Qd5 Qe7 8. Nc3
Ngxe5 9. Be2 d6 10. Nxe5 Nxe5 11. Na4 Bd7 12. Nxc5 Bc6 13. Qd1 dxc5 14. O-O O-O
15. f3 Rad8 16. Qc2 b6 17. e4 Bb7 18. Be3 f5 19. exf5 Nxf3+ 20. Bxf3 Qxe3+ 21.
Kh1 Rd2 22. Qc3 Qxc3 23. bxc3 Bxf3 24. Rxf3 Rfd8 25. Kg1 Rd1+ 26. Rxd1 Rxd1+ 27.
Kf2 Ra1 28. Ke3 Rxa3 29. Ke4 Ra2 30. Kd5 Rxg2 31. Kc6 a4 32. Rd3 a3 33. Rd8+ Kf7
34. Ra8 a2 35. Kxc7 Rb2 36. Kd6 Kf6 37. h4 Kxf5 38. Ra7 Kg6 39. Ke7 Kh5 40. Kf7
Rf2+ 41. Kg8 h6 42. Kh7 Kxh4 43. Ra8 h5 44. Re8 a1=Q 45. Rg8 Qb1+ 46. Kh8 Rf7
47. Re8 Qf5 48. Re3 b5 0-1

[Event "Indywidualne Mistrzostwa Polski Juniorow - C16"]
[Site "Szczyrk"]
[Date "2013-03-24"]
[Round "8.17"]
[White "Mirski, Michal"]
[Black "Szeglowski, Tomasz"]
[Result "1/2-1/2"]
[WhiteTitle "I"]
[BlackTitle "I"]
[WhiteElo "1895"]
[BlackElo "1801"]

1. e4 c5 2. Nc3 Nc6 3. Nge2 Nf6 4. d4 cxd4 5. Nxd4 g6 6. Nxc6 bxc6 7. e5 Ng8 8.
Bc4 Bg7 9. Qf3 e6 10. Bf4 Ne7 11. O-O-O O-O 12. h4 Nd5 13. Bxd5 cxd5 14. h5 g5
15. h6 Bh8 16. Qg3 f6 17. Be3 Kf7 18. f4 gxf4 19. Bxf4 Rg8 20. Qf3 Ba6 21. Nxd5
Bb7 22. Qh5+ Rg6 23. Nxf6 Bxf6 24. exf6 a6 25. Rhg1 Rc8 26. Qe2 Bd5 27. Kb1 Qa5
28. b3 Qc5 29. Be5 Qc6 30. Rd2 a5 31. g4 a4 32. g5 axb3 33. axb3 Be4 34. Kb2 d5
35. Qe3 Ra8 36. Ra1 Rxa1 37. Kxa1 Qa6+ 38. Kb2 Rg8 39. Qc5 Ra8 40. Qe7+ Kg6 41.
Kc1 Qf1+ 42. Rd1 Qe2 43. Rd2 Qe1+ 44. Rd1 Qe2 45. Rd2 Qe1+ 1/2-1/2

[Event "Indywidualne Mistrzostwa Polski Juniorow - C16"]
[Site "Szczyrk"]
[Date "2013-03-24"]
[Round "8.18"]
[White "Kowalski, Maciej"]
[Black "Klimek, Piotr"]
[Result "1-0"]
[WhiteTitle "I"]
[BlackTitle "I"]
[WhiteElo "1877"]
[BlackElo "1789"]

1. d4 b5 2. e4 a6 3. Be3 Bb7 4. Nd2 Nf6 5. f3 e6 6. a4 b4 7. c3 d5 8. e5 Nfd7 9.
f4 c5 10. Ngf3 a5 11. Be2 Ba6 12. O-O Qb6 13. Bxa6 Nxa6 14. g4 g6 15. f5 O-O-O
16. fxe6 fxe6 17. Qe2 Be7 18. Ng5 Bxg5 19. Bxg5 Rdf8 20. Bh6 bxc3 21. bxc3 Rxf1+
22. Rxf1 cxd4 23. cxd4 Nb4 24. Nb3 Nc6 25. Qe3 Ncxe5 26. dxe5 Qb4 27. h3 Nb6 28.
Qc5+ Qxc5+ 29. Nxc5 Nc4 30. Rf7 Nxe5 31. Ra7 Kb8 32. Re7 Nf3+ 33. Kg2 Ne1+ 34.
Kf2 Nc2 35. Nxe6 Rc8 36. Rxh7 d4 37. Rd7 Rc4 38. Bf4+ Ka8 39. h4 Rxa4 40. h5 gxh5
41. gxh5 Ra1 42. h6 Rh1 43. h7 a4 44. Rd8+ Ka7 45. h8=Q Rxh8 46. Rxh8 a3 47. Bc1
1-0

[Event "Indywidualne Mistrzostwa Polski Juniorow - C16"]
[Site "Szczyrk"]
[Date "2013-03-24"]
[Round "8.19"]
[White "Zadlo, Maciej"]
[Black "Mrozowski, Patryk"]
[Result "1/2-1/2"]
[WhiteTitle "I"]
[BlackTitle "I"]
[WhiteElo "1821"]
[BlackElo "1723"]

1. e4 c5 2. c3 Nf6 3. e5 Nd5 4. d4 e6 5. Nf3 Nc6 6. a3 d6 7. Bd3 Nb6 8. dxc5 dxc5
9. Qe2 Qc7 10. O-O Bd7 11. b4 Ne7 12. Nbd2 Ng6 13. Bxg6 hxg6 14. Ne4 cxb4 15.
cxb4 Qc4 16. Qxc4 Nxc4 17. Ned2 Rc8 18. Nxc4 Rxc4 19. Be3 Rg4 20. Nd2 a6 21. g3
Be7 22. f3 Bg5 23. f4 Be7 24. Ne4 g5 25. Nf2 gxf4 26. Nxg4 fxe3 27. Nxe3 Rh5 28.
Nc4 Bb5 29. Rfc1 Bg5 30. Nd6+ Kd7 31. Nxb5 Bxc1 32. Rxc1 axb5 33. Rf1 Rf5 34.
Rd1+ Kc7 35. Rc1+ Kd7 36. Rd1+ Kc7 37. Rc1+ Kd7 38. Rd1+ 1/2-1/2

[Event "Indywidualne Mistrzostwa Polski Juniorow - C16"]
[Site "Szczyrk"]
[Date "2013-03-24"]
[Round "8.20"]
[White "Madrawski, Krzysztof"]
[Black "Kindler, Przemyslaw"]
[Result "1-0"]
[WhiteTitle "II+"]
[BlackTitle "I"]
[WhiteElo "1711"]
[BlackElo "1817"]

1. e4 c5 2. Nf3 e6 3. d4 cxd4 4. Nxd4 a6 5. c4 Nf6 6. Nc3 Qc7 7. Bd3 Nc6 8. Be3
Bd6 9. g3 Ne5 10. f3 Bc5 11. Be2 Bb4 12. Qb3 Bxc3+ 13. Qxc3 Ng6 14. Qb4 d6 15.
Nb3 O-O 16. Bb6 Qd7 17. O-O d5 18. Rfd1 Re8 19. Rac1 Ne5 20. Rc3 Nc6 21. Qa3 Qe7
22. Bc5 Qd8 23. Re3 b6 24. Bd6 dxc4 25. Bxc4 b5 26. Be2 Qb6 27. Bc5 Qb7 28. Na5
Nxa5 29. Qxa5 e5 30. Rd6 Be6 31. Red3 Rac8 32. b4 Nd7 33. Rc3 Nb8 34. Bd1 Nc6
35. Qa3 Red8 36. Rcd3 Bc4 37. Rd2 Nd4 38. Qe3 Rxd6 39. Bxd6 f6 40. f4 Re8 41.
fxe5 fxe5 42. Bxe5 Nc6 43. Bd6 Qf7 44. Rf2 Qe6 45. Qf4 h6 46. Bg4 Qf7 47. e5 Bxa2
48. Qxf7+ Bxf7 49. Bd7 Rxe5 50. Bxc6 Re6 51. Rd2 Kh7 52. Bb7 Rf6 53. Bxa6 Bc4
54. Bb7 Rf1+ 55. Kg2 Rf7 56. Be4+ g6 57. Rf2 Ra7 58. Rf6 Ra2+ 59. Rf2 Ra7 60.
Bc5 Ra3 61. Rf6 Ra2+ 62. Bf2 Rc2 63. Bxg6+ Kg7 64. Rd6 Rb2 65. Kf3 Rxb4 66. Bd4+
Kf8 67. Bf6 1-0

[Event "Indywidualne Mistrzostwa Polski Juniorow - C16"]
[Site "Szczyrk"]
[Date "2013-03-24"]
[Round "8.21"]
[White "Maciejewski, Mikolaj"]
[Black "Smieszek, Wojciech"]
[Result "1/2-1/2"]
[WhiteTitle "II+"]
[BlackTitle "I"]
[WhiteElo "1733"]
[BlackElo "1873"]

1. e4 c5 2. Nf3 Nc6 3. d4 cxd4 4. Nxd4 g6 5. Be3 Bg7 6. Be2 Nf6 7. Nc3 O-O 8. O-O
d5 9. exd5 Nxd5 10. Nxd5 Qxd5 11. Nxc6 Qxc6 12. c3 Be6 13. Bf3 Qb5 14. Qc2 Rad8
15. a4 Qa6 16. a5 Qb5 17. Bxa7 Bb3 18. Qc1 Rd7 19. Bb6 Bf6 20. Re1 e6 21. Qf4
Bd8 22. Qe5 Bd5 23. Bxd5 Rxd5 24. Qe3 Bxb6 25. axb6 Rfd8 26. b4 R5d6 27. Ra5 Qxb6
28. Qxb6 Rxb6 29. Rc5 Rd7 30. Kf1 Ra6 31. Ke2 Ra2+ 32. Ke3 Kf8 33. Re2 Ra1 34.
Rc2 Ke7 35. Rc8 b5 36. Rd2 Re1+ 37. Re2 Red1 38. f3 R7d3+ 39. Kf2 Rc1 40. Rc5
Rcxc3 41. Rxb5 Rb3 42. Rc2 f5 43. Rb7+ Kf6 44. Rb6 f4 45. Re2 Re3 46. Rxe3 Rxe3
47. g3 Kf5 48. Rb7 g5 49. Rxh7 Rb3 50. Rb7 Rb2+ 51. Kg1 Ke5 52. Rb5+ Kd4 53. Rxg5
Ke3 54. gxf4 Kxf3 55. Rg3+ Kxf4 56. Rh3 e5 57. Kf1 e4 58. Ke1 Rxb4 59. Rc3 Rb2
60. Rh3 Ra2 61. Rc3 Rxh2 62. Rb3 Ra2 63. Rc3 Ke5 64. Rh3 Kd4 65. Rb3 Ra5 66. Ke2
Ra2+ 67. Ke1 Rc2 68. Kd1 Rh2 69. Ke1 Ke5 70. Rg3 Kf4 71. Ra3 Rh1+ 72. Ke2 Rh8
73. Rb3 Ra8 74. Rc3 Ra2+ 1/2-1/2

[Event "Indywidualne Mistrzostwa Polski Juniorow - C16"]
[Site "Szczyrk"]
[Date "2013-03-24"]
[Round "8.22"]
[White "Choina, Adam"]
[Black "Nun, Grzegorz"]
[Result "0-1"]
[WhiteTitle "II"]
[BlackTitle "II+"]
[WhiteElo "1552"]
[BlackElo "1851"]

1. e4 c5 2. Nf3 d6 3. d4 cxd4 4. Nxd4 Nf6 5. Nc3 a6 6. Bg5 e6 7. f4 Be7 8. Qf3
O-O 9. O-O-O Qc7 10. g4 b5 11. Bxf6 Bxf6 12. g5 Bxd4 13. Rxd4 Nc6 14. Rd2 Bb7
15. Bh3 Rfd8 16. Rhd1 Na5 17. f5 b4 18. Ne2 exf5 19. Bxf5 Nc4 20. Rd4 Ne5 21.
Qb3 g6 22. Bh3 a5 23. Nf4 Qe7 24. Qg3 Ra6 25. Nd5 Bxd5 26. Rxd5 a4 27. Bf1 Rb6
28. Qe3 Qc7 29. a3 Rc8 30. R5d2 Rc6 31. axb4 Rxc2+ 32. Kb1 a3 33. bxa3 Rc1+ 34.
Kb2 Rxd1 0-1

[Event "Indywidualne Mistrzostwa Polski Juniorow - C16"]
[Site "Szczyrk"]
[Date "2013-03-24"]
[Round "8.23"]
[White "Krawiecki, Stanislaw"]
[Black "Drop, Szymon"]
[Result "0-1"]
[WhiteTitle "II"]
[BlackTitle "I"]
[WhiteElo "1632"]
[BlackElo "1818"]

1. e4 e5 2. Nf3 Nc6 3. Bc4 Nf6 4. d4 exd4 5. e5 d5 6. Bb5 Ne4 7. Nxd4 Bd7 8. Bxc6
bxc6 9. O-O c5 10. Nb3 Bb5 11. Re1 a5 12. a4 Bc4 13. N1d2 Nxd2 14. Nxd2 Ba6 15.
Qg4 Bc8 16. Qg3 h5 17. Nb3 h4 18. Qf3 Be6 19. Bd2 c6 20. Qe2 d4 21. f4 d3 22.
Qf2 Bxb3 23. cxb3 Qd5 24. f5 O-O-O 25. Bxa5 c4 26. Bd2 Bc5 27. Be3 d2 28. Red1
Bxe3 29. Qxe3 h3 30. Qf3 Qd4+ 31. Kh1 hxg2+ 32. Kxg2 Kc7 33. b4 Qh4 34. Qg3 Qe4+
35. Kg1 Rh4 36. e6+ Kb7 37. e7 Rd3 38. e8=Q Rxg3+ 39. hxg3 Rh7 40. Kf2 Rh2+ 41.
Kg1 Qg2# 0-1

[Event "Indywidualne Mistrzostwa Polski Juniorow - C16"]
[Site "Szczyrk"]
[Date "2013-03-24"]
[Round "8.24"]
[White "Mazur, Bartlomiej"]
[Black "Rosicki, Marcin"]
[Result "1-0"]
[WhiteTitle "I"]
[BlackTitle "I"]
[WhiteElo "1674"]
[BlackElo "1722"]

1. c4 c5 2. g3 g6 3. Bg2 Bg7 4. Nc3 Nc6 5. d3 d6 6. e4 e5 7. Nge2 Nge7 8. O-O O-O
9. f4 Nd4 10. Nxd4 exd4 11. Ne2 Rb8 12. a3 a6 13. b3 b5 14. Bd2 bxc4 15. bxc4
f5 16. Qa4 Qd7 17. Qxd7 Bxd7 18. Ba5 Rfc8 19. Rab1 Rxb1 20. Rxb1 Nc6 21. Bd2 Rb8
22. Rxb8+ Nxb8 23. Ba5 Nc6 24. Bc7 Bf8 25. e5 dxe5 26. fxe5 g5 27. Bd5+ Kg7 28.
Nc1 Ne7 29. Bb7 Bc8 30. Bg2 Kf7 31. Nb3 Ng6 32. Bd5+ Ke8 33. Bc6+ Kf7 34. Bd6
Bxd6 35. exd6 Ke6 36. d7 Bxd7 37. Nxc5+ Kd6 38. Bxd7 Kxc5 39. Bxf5 Ne5 40. Bxh7
Nf3+ 41. Kg2 Ne1+ 42. Kf2 Nc2 43. h4 gxh4 44. gxh4 Nxa3 45. Bf5 Kd6 46. h5 Ke7
47. Kf3 Nc2 48. h6 Kf6 49. h7 Kg7 50. c5 Nb4 51. Ke4 a5 52. Kxd4 a4 53. Kc3 a3
54. Be4 Kh8 55. c6 a2 56. Kb2 1-0